<?xml version="1.0" encoding="UTF-8"?>
<record
    xmlns:xsi="http://www.w3.org/2001/XMLSchema-instance"
    xsi:schemaLocation="http://www.loc.gov/MARC21/slim http://www.loc.gov/standards/marcxml/schema/MARC21slim.xsd"
    xmlns="http://www.loc.gov/MARC21/slim">

  <leader>00738nam a2200253 a 4500</leader>
  <controlfield tag="005">20200104041511.0</controlfield>
  <controlfield tag="008">170914b1984    ck ||||| |||| 00| 0 spa d</controlfield>
  <datafield tag="040" ind1=" " ind2=" ">
    <subfield code="a">CO-BoIAVH</subfield>
    <subfield code="c">CO-BoIAVH</subfield>
  </datafield>
  <datafield tag="041" ind1=" " ind2=" ">
    <subfield code="a">spa</subfield>
  </datafield>
  <datafield tag="044" ind1=" " ind2=" ">
    <subfield code="a">ck</subfield>
  </datafield>
  <datafield tag="082" ind1=" " ind2=" ">
    <subfield code="a">631.44</subfield>
    <subfield code="b">I66e</subfield>
  </datafield>
  <datafield tag="110" ind1=" " ind2=" ">
    <subfield code="b">Instituto Geogr&#xE1;fico Agust&#xED;n Codazzi</subfield>
  </datafield>
  <datafield tag="245" ind1="1" ind2="0">
    <subfield code="a">Estudio general de suelos cuenca del r&#xED;o Negro, departamento de Cundinamarca</subfield>
  </datafield>
  <datafield tag="260" ind1=" " ind2=" ">
    <subfield code="a">Bogot&#xE1;</subfield>
    <subfield code="b">IGAC</subfield>
    <subfield code="c">1984</subfield>
  </datafield>
  <datafield tag="300" ind1=" " ind2=" ">
    <subfield code="a">422 p&#xE1;ginas</subfield>
    <subfield code="c">24 x 19</subfield>
  </datafield>
  <datafield tag="650" ind1="1" ind2="4">
    <subfield code="a">Suelos</subfield>
  </datafield>
  <datafield tag="650" ind1="1" ind2="4">
    <subfield code="a">Geolog&#xED;a</subfield>
  </datafield>
  <datafield tag="650" ind1="1" ind2="4">
    <subfield code="a">Geomorfolog&#xED;a</subfield>
  </datafield>
  <datafield tag="650" ind1="1" ind2="4">
    <subfield code="a">Clima</subfield>
  </datafield>
  <datafield tag="650" ind1="1" ind2="4">
    <subfield code="a">Vegetaci&#xF3;n</subfield>
  </datafield>
  <datafield tag="650" ind1="1" ind2="4">
    <subfield code="a">Fauna</subfield>
  </datafield>
  <datafield tag="662" ind1=" " ind2=" ">
    <subfield code="a">Colombia</subfield>
    <subfield code="c">R&#xED;o Negro</subfield>
    <subfield code="b">Cundinamarca</subfield>
  </datafield>
  <datafield tag="942" ind1=" " ind2=" ">
    <subfield code="c">LIBRO</subfield>
    <subfield code="2">ddc</subfield>
  </datafield>
  <datafield tag="999" ind1=" " ind2=" ">
    <subfield code="c">470</subfield>
    <subfield code="d">470</subfield>
  </datafield>
  <datafield tag="952" ind1=" " ind2=" ">
    <subfield code="0">0</subfield>
    <subfield code="1">0</subfield>
    <subfield code="2">ddc</subfield>
    <subfield code="4">0</subfield>
    <subfield code="7">0</subfield>
    <subfield code="8">GENERAL</subfield>
    <subfield code="I">INV2017</subfield>
    <subfield code="a">Venado</subfield>
    <subfield code="b">Venado</subfield>
    <subfield code="d">1998-07-01</subfield>
    <subfield code="e">Instituto</subfield>
    <subfield code="g">50000.00</subfield>
    <subfield code="l">0</subfield>
    <subfield code="o">LB-631.44 I66e</subfield>
    <subfield code="p">000654</subfield>
    <subfield code="r">2012-12-04 00:00:00</subfield>
    <subfield code="t">Ej. 1</subfield>
    <subfield code="w">2012-12-04</subfield>
    <subfield code="x">Donacion</subfield>
    <subfield code="y">LIBRO</subfield>
  </datafield>
  <datafield tag="952" ind1=" " ind2=" ">
    <subfield code="0">0</subfield>
    <subfield code="1">0</subfield>
    <subfield code="2">z</subfield>
    <subfield code="4">0</subfield>
    <subfield code="7">0</subfield>
    <subfield code="8">GENERAL</subfield>
    <subfield code="a">Villa</subfield>
    <subfield code="b">Villa</subfield>
    <subfield code="d">1998-07-01</subfield>
    <subfield code="e">Instituto Nacional de los Recursos Naturales Renovables y del Medio Ambiente</subfield>
    <subfield code="l">0</subfield>
    <subfield code="o">LB-00451</subfield>
    <subfield code="p">000655</subfield>
    <subfield code="r">2012-12-04 00:00:00</subfield>
    <subfield code="t">Ej. 1</subfield>
    <subfield code="w">2012-12-04</subfield>
    <subfield code="y">LIBRO</subfield>
    <subfield code="z">Estudio general de suelos cuenca del r&#xED;o Negro: Departamento de Cundinamarca</subfield>
  </datafield>
  <datafield tag="952" ind1=" " ind2=" ">
    <subfield code="0">0</subfield>
    <subfield code="1">0</subfield>
    <subfield code="2">z</subfield>
    <subfield code="4">0</subfield>
    <subfield code="7">0</subfield>
    <subfield code="8">GENERAL</subfield>
    <subfield code="a">Villa</subfield>
    <subfield code="b">Villa</subfield>
    <subfield code="d">1998-07-01</subfield>
    <subfield code="e">Instituto Nacional de los Recursos Naturales Renovables y del Medio Ambiente</subfield>
    <subfield code="l">0</subfield>
    <subfield code="o">LB-00451</subfield>
    <subfield code="p">000656</subfield>
    <subfield code="r">2012-12-04 00:00:00</subfield>
    <subfield code="t">Ej. 1</subfield>
    <subfield code="w">2012-12-04</subfield>
    <subfield code="y">LIBRO</subfield>
    <subfield code="z">Estudio general de suelos cuenca del r&#xED;o Negro: Departamento de Cundinamarca</subfield>
  </datafield>
  <datafield tag="952" ind1=" " ind2=" ">
    <subfield code="0">0</subfield>
    <subfield code="1">0</subfield>
    <subfield code="2">z</subfield>
    <subfield code="4">0</subfield>
    <subfield code="7">0</subfield>
    <subfield code="8">GENERAL</subfield>
    <subfield code="a">Villa</subfield>
    <subfield code="b">Villa</subfield>
    <subfield code="d">1998-07-01</subfield>
    <subfield code="e">Instituto Nacional de los Recursos Naturales Renovables y del Medio Ambiente</subfield>
    <subfield code="l">0</subfield>
    <subfield code="o">LB-00451</subfield>
    <subfield code="p">000657</subfield>
    <subfield code="r">2012-12-04 00:00:00</subfield>
    <subfield code="t">Ej. 1</subfield>
    <subfield code="w">2012-12-04</subfield>
    <subfield code="y">LIBRO</subfield>
    <subfield code="z">Estudio general de suelos cuenca del r&#xED;o Negro: Departamento de Cundinamarca</subfield>
  </datafield>
  <datafield tag="952" ind1=" " ind2=" ">
    <subfield code="0">0</subfield>
    <subfield code="1">0</subfield>
    <subfield code="2">z</subfield>
    <subfield code="4">0</subfield>
    <subfield code="7">0</subfield>
    <subfield code="8">GENERAL</subfield>
    <subfield code="a">Villa</subfield>
    <subfield code="b">Villa</subfield>
    <subfield code="d">1998-07-01</subfield>
    <subfield code="e">Instituto Nacional de los Recursos Naturales Renovables y del Medio Ambiente</subfield>
    <subfield code="l">0</subfield>
    <subfield code="o">LB-00451</subfield>
    <subfield code="p">000658</subfield>
    <subfield code="r">2012-12-04 00:00:00</subfield>
    <subfield code="t">Ej. 1</subfield>
    <subfield code="w">2012-12-04</subfield>
    <subfield code="y">LIBRO</subfield>
    <subfield code="z">Estudio general de suelos cuenca del r&#xED;o Negro: Departamento de Cundinamarca</subfield>
  </datafield>
  <datafield tag="952" ind1=" " ind2=" ">
    <subfield code="0">0</subfield>
    <subfield code="1">0</subfield>
    <subfield code="2">z</subfield>
    <subfield code="4">0</subfield>
    <subfield code="7">0</subfield>
    <subfield code="8">GENERAL</subfield>
    <subfield code="a">Villa</subfield>
    <subfield code="b">Villa</subfield>
    <subfield code="d">1998-07-01</subfield>
    <subfield code="e">Instituto Nacional de los Recursos Naturales Renovables y del Medio Ambiente</subfield>
    <subfield code="l">0</subfield>
    <subfield code="o">LB-00451</subfield>
    <subfield code="p">000659</subfield>
    <subfield code="r">2012-12-04 00:00:00</subfield>
    <subfield code="t">Ej. 1</subfield>
    <subfield code="w">2012-12-04</subfield>
    <subfield code="y">LIBRO</subfield>
    <subfield code="z">Estudio general de suelos cuenca del r&#xED;o Negro: Departamento de Cundinamarca</subfield>
  </datafield>
  <datafield tag="952" ind1=" " ind2=" ">
    <subfield code="0">0</subfield>
    <subfield code="1">0</subfield>
    <subfield code="2">z</subfield>
    <subfield code="4">0</subfield>
    <subfield code="7">0</subfield>
    <subfield code="8">GENERAL</subfield>
    <subfield code="a">Villa</subfield>
    <subfield code="b">Villa</subfield>
    <subfield code="d">1998-07-01</subfield>
    <subfield code="e">Instituto Nacional de los Recursos Naturales Renovables y del Medio Ambiente</subfield>
    <subfield code="l">0</subfield>
    <subfield code="o">LB-00451</subfield>
    <subfield code="p">000660</subfield>
    <subfield code="r">2012-12-04 00:00:00</subfield>
    <subfield code="t">Ej. 1</subfield>
    <subfield code="w">2012-12-04</subfield>
    <subfield code="y">LIBRO</subfield>
    <subfield code="z">Estudio general de suelos cuenca del r&#xED;o Negro: Departamento de Cundinamarca</subfield>
  </datafield>
  <datafield tag="952" ind1=" " ind2=" ">
    <subfield code="0">0</subfield>
    <subfield code="1">0</subfield>
    <subfield code="2">z</subfield>
    <subfield code="4">0</subfield>
    <subfield code="7">0</subfield>
    <subfield code="8">GENERAL</subfield>
    <subfield code="a">Villa</subfield>
    <subfield code="b">Villa</subfield>
    <subfield code="d">1998-07-01</subfield>
    <subfield code="e">Instituto Nacional de los Recursos Naturales Renovables y del Medio Ambiente</subfield>
    <subfield code="l">0</subfield>
    <subfield code="o">LB-00451</subfield>
    <subfield code="p">000661</subfield>
    <subfield code="r">2012-12-04 00:00:00</subfield>
    <subfield code="t">Ej. 1</subfield>
    <subfield code="w">2012-12-04</subfield>
    <subfield code="y">LIBRO</subfield>
    <subfield code="z">Estudio general de suelos cuenca del r&#xED;o Negro: Departamento de Cundinamarca</subfield>
  </datafield>
  <datafield tag="952" ind1=" " ind2=" ">
    <subfield code="0">0</subfield>
    <subfield code="1">0</subfield>
    <subfield code="2">z</subfield>
    <subfield code="4">0</subfield>
    <subfield code="7">0</subfield>
    <subfield code="8">GENERAL</subfield>
    <subfield code="a">Villa</subfield>
    <subfield code="b">Villa</subfield>
    <subfield code="d">1998-07-01</subfield>
    <subfield code="e">Instituto Nacional de los Recursos Naturales Renovables y del Medio Ambiente</subfield>
    <subfield code="l">0</subfield>
    <subfield code="o">LB-00451</subfield>
    <subfield code="p">000662</subfield>
    <subfield code="r">2012-12-04 00:00:00</subfield>
    <subfield code="t">Ej. 1</subfield>
    <subfield code="w">2012-12-04</subfield>
    <subfield code="y">LIBRO</subfield>
    <subfield code="z">Estudio general de suelos cuenca del r&#xED;o Negro: Departamento de Cundinamarca</subfield>
  </datafield>
</record>
